000 00660nam a2200205Ia 4500
003 OSt
005 20250409112950.0
008 210210b1973 xxu||||| |||| 00| 0 eng d
040 _cAL
041 _aKannada
082 _a039.4K KANN
100 _aKANNADA ADHYAYANA SAMSTE
_987542
_dಕನ್ನಡ ಅಧ್ಯಯನ ಸಂಸ್ಥೆ
245 _aKannada vishvakosha: samputa 7
_b ಕನ್ನಡ ವಿಶ್ವಕೋಶ : ಸಂಪುಟ ೭
260 _aMaisuru
_bKannada Adyayana samsthe, Mysore Vishvavidyanilaya.,
_c1973
300 _aviii,945
440 _a7
_987543
690 _aEncyclopaedia
_987544
906 _aCC00120
942 _2ddc
_cBK
999 _c108968
_d108968